History Quiz

Random History or Politics Quiz

Political Parties By 1% Popular Vote Quiz Stats

 Plays Quiz Updated Dec 17, 2019

Support Sporcle.
Go Orange.
Score 0/27 Timer 04:00
2 Plays Today
Years Political Party % Correct
1856-2016Republican
96.1%
1860Southern Democratic
94.4%
1828-2016Democratic
93%
2000-2004, 2016Green
85%
1836-1856Whig
84.5%
1792-1816Federalist
60.3%
1912, 1924, 1948Progressive
56.7%
1904-1920, 1932Socialist
56%
1968-1972American Independent
54.1%
1980, 2016Libertarian
54%
1792-1824Democratic-Republican
53.1%
1856American
42.7%
1996Reform
25.7%
1948States' Rights
24.7%
Years Political Party % Correct
1892-1896Populist
24.6%
1828-1836National-Republican
24.1%
1872Liberal Republican
23.1%
1848-1852Free Soil
22.3%
1860Constitutional Union
20%
1864National Union
18.2%
1936Union
15.5%
1884-1892, 1900-1916Prohibition
13%
1832Anti-Masonic
12.1%
1844Liberty
9.2%
1880-1884Greenback Labor
9%
1920Farmer-Labor
6%
1888Union Labor
4.5%

You're not logged in!

Compare scores with friends on all Sporcle quizzes.
OR
Log In

From the Vault

Athletes with Longest Careers

by gazzso

Life is a marathon, not a sprint after all. Unless of course, you happen to be a sprinter.
Remove Ads.
Support Sporcle.
Get the best of Sporcle when you Go Orange. This ad-free experience offers more features, more stats, and more fun while also helping to support Sporcle. Thank you for becoming a member.

Show Comments

Extras

Top Quizzes Today


Score Distribution

Your Account Isn't Verified!

In order to create a playlist on Sporcle, you need to verify the email address you used during registration. Go to your Sporcle Settings to finish the process.

Report this User

Report this user for behavior that violates our Community Guidelines.

Details: